Green v City of Durham Council (Record no. 107633)
[ view plain ]
| 000 -LEADER | |
|---|---|
| fixed length control field | 02116cad a22002295a 4500 |
| 001 - CONTROL NUMBER | |
| control field | L141355 |
| 008 - FIXED-LENGTH DATA ELEMENTS--GENERAL INFORMATION | |
| fixed length control field | 071116s2007 xxk f v 000 0 eng d |
| 035 ## - SYSTEM CONTROL NUMBER | |
| System control number | (Sirsi) u141355 |
| 041 0# - LANGUAGE CODE | |
| Language code of text/sound track or separate title | eng |
| 050 04 - LIBRARY OF CONGRESS CALL NUMBER | |
| Classification number | 711.1 $2 18 |
| 245 00 - TITLE STATEMENT | |
| Title | Green v City of Durham Council |
| Medium | [electronic resource] |
| 260 ## - PUBLICATION, DISTRIBUTION, ETC. | |
| Place of publication, distribution, etc. | London |
| Name of publisher, distributor, etc. | Lands Tribunal |
| Date of publication, distribution, etc. | 2007 |
| 520 ## - SUMMARY, ETC. | |
| Summary, etc. | [2007] 43 EG 202, 27 October 2007. Considers whether a claim for compensation under section 108 of the Town and Country Planning Act 1990 was confined to first refusal, and whether the time limit for claiming had expired. The appellant (G) was permitted to erect a polytunnel and storage building on his land by the Town and Country Planning (General Permitted Development) Order 1995, and had done so. The compensating authority defendant council (D) made a direction that development should not be made without permission, and then refused a planning application by G under the same terms. G subsequently made a second application under the same terms which was also refused. D contended that the 12 months G had to claim compensation ran from the date of the first refusal and so was spent. This was to be decided as a preliminary issue. "Held": Compensation under section 108 was payable for the refusal of permission for development that was formerly permitted. No time limit is imposed for submitting a planning application following an article 4 direction of the 1995 Order. The first application's refusal did not preclude compensation claimed under the second. Determination made in favour of the claimant. |
| 650 24 - SUBJECT ADDED ENTRY--TOPICAL TERM | |
| Topical term or geographic name entry element | GREEN V CITY OF DURHAM |
| 650 24 - SUBJECT ADDED ENTRY--TOPICAL TERM | |
| Topical term or geographic name entry element | TOWN AND COUNTRY PLANNING (GENERAL PERMITTED DEVELOPMENT) ORDER 1995 |
| 650 24 - SUBJECT ADDED ENTRY--TOPICAL TERM | |
| Topical term or geographic name entry element | TOWN AND COUNTRY PLANNING ACT 1990 S108 |
| 650 24 - SUBJECT ADDED ENTRY--TOPICAL TERM | |
| Topical term or geographic name entry element | TOWN AND COUNTRY PLANNING GENERAL REGULATIONS 1992 |
| 651 #4 - SUBJECT ADDED ENTRY--GEOGRAPHIC NAME | |
| Geographic name | England and Wales |
| Chronological subdivision | 1543- |
| 690 ## - LOCAL SUBJECT ADDED ENTRY--TOPICAL TERM (OCLC, RLIN) | |
| Topical term or geographic name as entry element | ENVIRONMENTAL AND LAND CONSULTANCY-PLANNING AND DEVELOPMENT-DEVELOPMENT CONTROL-PLANNING ENFORCEMENT |
| 856 40 - ELECTRONIC LOCATION AND ACCESS | |
| Uniform Resource Identifier | <a href="https://www.landstribunal.gov.uk/aspx/view.aspx?id=440">https://www.landstribunal.gov.uk/aspx/view.aspx?id=440</a> |
| Public note | View the judgment free of charge at www.landstribunal.gov.uk... |
| 942 ## - ADDED ENTRY ELEMENTS (KOHA) | |
| Suppress in OPAC | 0 |
| Withdrawn status | Lost status | Source of classification or shelving scheme | Damaged status | Not for loan | Home library | Current library | Shelving location | Date acquired | Total Checkouts | Full call number | Barcode | Date last seen | Copy number | Price effective from | Koha item type |
|---|---|---|---|---|---|---|---|---|---|---|---|---|---|---|---|
| Dewey Decimal Classification | Virtual | Virtual | Online | 16/11/2007 | ONLINE PUBLICATION | 141355-1001 | 06/08/2019 | 1 | 06/08/2019 | Law report |